Welcome to the Holygrace Academy Library

Please use search bar below to get started

MOTORCAR MECHANISM (Record no. 976)

MARC details
000 -LEADER
fixed length control field 00299nam a22001217a 4500
082 ## - DEWEY DECIMAL CLASSIFICATION NUMBER
Classification number 894.812
Item number SRE/M
100 ## - MAIN ENTRY--AUTHOR NAME
Personal name S.SRINIVASAN
245 ## - TITLE STATEMENT
Title MOTORCAR MECHANISM
260 ## - PUBLICATION, DISTRIBUTION, ETC. (IMPRINT)
Place of publication THIRUVANANTHAPURAM
Name of publisher PRABHATH BOOK HOUSE
Year of publication 1980
300 ## - PHYSICAL DESCRIPTION
Number of Pages 154
650 ## - SUBJECT ADDED ENTRY--TOPICAL TERM
Topical Term BASICS OF RUNNING A MACHINE
Geographic subdivision KERALA
942 ## - ADDED ENTRY ELEMENTS (KOHA)
Koha item type Books
Holdings
Withdrawn status Lost status Collection code Home library Current library Shelving location Date acquired Source of acquisition Cost, normal purchase price Full call number Accession Number Koha item type
    Reference Main Library Main Library   08/05/2006 purchase 9.00 894.812 SRE/M 02708 Books